Top 10 Norwich City Premier League Most Assists - Statistics

General Stats
  • This quiz has been taken 32 times
  • The average score is 4 of 12
Answer Stats
Player Assists % Correct
Wes Hoolahan 18
68%
Chris Sutton 20
52%
Emi Buendía 7
52%
Bradley Johnson 10
40%
Jeremy Goss 10
36%
Ruel Fox 9
36%
Darren Huckerby 9
32%
Robert Snodgrass 8
32%
Mark Robins 7
28%
Elliott Bennett 7
24%
Ian Crook 13
16%
David Phillips 8
12%
No matching quizzes found
Score Distribution
Percent of People with Each Score
Percentile by Number Answered
Your Score History
You have not taken this quiz